00814 a2200157 45000010006000000050017000060080041000230030015000640400040000790800053001192450042001722640033002143000019002475050373002661000017006395677120260407155831.0260407a1972 arg spa dAR-UNSa-BCEJYS aAR-UNSa-BCEJYSbspacAR-UNSa-BCEJYS a165xTeoría del conocimiento. Epistemología 10aLógica y conocimiento, científico 1aBuenos Aires :bProteoc1972 a218 p.c23 cm. a1. Epistemología de la psicología – 2.Epistemologia de la sociología – 3.Epistemologia Económica – 4.Epistemologia de la Lingüística – 5.Sobre la epistemología del azar en las ciencias sociales .Invariación de las leyes y verificación de las predicciones – 6. Los dos problemas principales de la epistemología de las ciencias del hombre. 1 aPiaget, Jean